000 00918cab a22001935a 4500
001 L145205
008 080916e20080912xxka f 000 0 eng d
035 _a(Sirsi) u145205
041 0 _aeng
100 1 _aEade, Christine
245 0 0 _aRegional report
_bBristol, Bath and Swindon
260 _c2008
490 0 _aProperty Week
_v73(37) 12 September 2008, 91-108(8)
520 _aReports on market news and developments from around the region. Considers why office tenants are pouring into a mixed use, re-developed industrial estate in Bristol. Explains how Bristol's office developers are turning to refurbishing older property to get ahead of the credit crunch. Discusses Cabot Circus, a new shopping centre in Bristol. Considers two new retail developments in Bath.
590 _aKA
651 4 _aSouth West (England)
_y1994-
690 _aPROPERTY-COMMERCIAL PROPERTY-COMMERCIAL PROPERTY MARKET
942 _n0
999 _c80728
_d80728